000 00706nam a2200301Ia 4500
005 20260330160924.0
008 008 300114s9999 xx 000 0 eng d
020 _a9789353164096
037 _aEBOOK
040 _aCRL
040 _beng
040 _cCRL
041 _2eng
041 _aeng
084 _qCRL
100 _aSalivahanan
245 0 _aBasic Electronics & Devices - JNTU
250 _a1
260 _bMcgraw Hill
260 _c2018
365 _aINR
365 _b25200
650 _aElectronics
856 _uhttps://resolver.vitalsource.com/9789353164096/?brand=mcgrawhillindia.vitalsource.com
942 _cEBOOK
999 _c1844293
_d1844293